000 00263nam a2200097Ia 4500
082 _aEJF GREG
245 0 _aThe blizzard on Blue Mountain
100 _a Gregory, Kristiana New York, 2009
_976499
942 _cBK
008 210817s9999 xx 000 0 und d
999 _c254834
_d254833